[Event "23rd EUR-ch"]
[Site "Vrnjacka Banja SRB"]
[Date "2023.03.08"]
[Round "6.114"]
[White "Kristoferitsch, Daniel"]
[Black "Reshef, Omer"]
[Result "1/2-1/2"]
[WhiteElo "2282"]
[BlackElo "2492"]
[EventDate "2023.03.03"]
[PlyCount "96"]

1.d4 d5 2.c4 c6 3.Nc3 Nf6 4.e3 a6 5.Qc2 g6 6.Bd3 Bg7 7.Nf3 O-O 8.O-O Bg4 
9.Ne5 Be6 10.c5 Nbd7 11.Nxd7 Bxd7 12.h3 Qc8 13.Na4 Qc7 14.f4 Rad8 15.Bd2 
Ne4 16.Bxe4 dxe4 17.Qxe4 Bf5 18.Qf3 e5 19.fxe5 Bxe5 20.Be1 Bg7 21.Bg3 Qa5 
22.Nb6 Qb4 23.Kh1 Bd3 24.Rf2 f5 25.Qd1 Be4 26.a3 Qb5 27.Rd2 a5 28.a4 Qa6 
29.Bc7 Rde8 30.Qb3+ Rf7 31.Bf4 h6 32.Be5 Bf8 33.Rc1 Rd8 34.Qc4 Qxc4 35.
Nxc4 Ra8 36.Bg3 Bd5 37.Nb6 Rd8 38.Re2 Bg7 39.Bd6 Be4 40.Rd2 Bf6 41.Nc4 Ra8
42.Be5 Be7 43.Bd6 Bf6 44.Rc3 Bg7 45.Bg3 Bf8 46.Bd6 Bg7 47.Kg1 g5 48.Be5 
Bf8 1/2-1/2

[Event "23rd EUR-ch"]
[Site "Vrnjacka Banja SRB"]
[Date "2023.03.08"]
[Round "6.115"]
[White "Castellanos Rodriguez, Renier"]
[Black "Gorodetzky, Matan"]
[Result "1/2-1/2"]
[WhiteElo "2484"]
[BlackElo "2319"]
[EventDate "2023.03.03"]
[PlyCount "107"]

1.e4 e5 2.Nf3 Nc6 3.Bc4 Nf6 4.d3 Bc5 5.c3 d6 6.O-O a6 7.a4 Ba7 8.Na3 h6 9.
Nc2 O-O 10.Be3 d5 11.exd5 Nxd5 12.Bxa7 Rxa7 13.d4 e4 14.Nd2 Re8 15.Qh5 Be6
16.Bxd5 Bxd5 17.Rfe1 Ne7 18.Nxe4 Ra8 19.Nb4 Bxe4 20.Rxe4 Qd7 21.Qf3 c6 22.
Rae1 Nd5 23.Nxd5 cxd5 24.Re5 Rxe5 25.dxe5 Rd8 26.b3 Qc6 27.h3 Qb6 28.Qd1 
d4 29.cxd4 Rxd4 30.Qf3 Rb4 31.Re3 Qe6 32.Qd1 a5 33.Qd8+ Kh7 34.Qxa5 Rxb3 
35.Rxb3 Qxb3 36.Kh2 Qc4 37.g3 Qd4 38.Kg1 Kg6 39.Qb5 Qe4 40.a5 Kh7 41.Qc5 
Qe1+ 42.Kg2 Qe4+ 43.Kh2 Kg6 44.Qd6+ Kh7 45.h4 Qe1 46.Qc5 Kg8 47.Qc8+ Kh7 
48.Qxb7 Qxa5 49.Qe4+ Kg8 50.g4 Qd2 51.Kg2 Qc3 52.g5 hxg5 53.hxg5 Qd2 54.
Qf5 1/2-1/2

[Event "23rd EUR-ch"]
[Site "Vrnjacka Banja SRB"]
[Date "2023.03.08"]
[Round "6.116"]
[White "Levitan, Tal"]
[Black "Alexakis, Dimitris"]
[Result "1-0"]
[WhiteElo "2276"]
[BlackElo "2472"]
[EventDate "2023.03.03"]
[PlyCount "109"]

1.e4 c5 2.c3 Nf6 3.e5 Nd5 4.d4 cxd4 5.cxd4 d6 6.Nf3 Nc6 7.Bc4 Nb6 8.Bb5 a6
9.Bxc6+ bxc6 10.Qc2 Qc7 11.O-O Bg4 12.exd6 Qxd6 13.Ne5 Bh5 14.Bf4 f6 15.
Nc4 Qxd4 16.Nd6+ exd6 17.Qxc6+ Kf7 18.Be3 Qc4 19.Qxb6 Be7 20.Rc1 Qe6 21.
Nc3 Rhc8 22.Re1 Rab8 23.Qxa6 Rxb2 24.Bd4 Qc4 25.Qa7 Rc7 26.Qxc7 Qxc7 27.
Nd5 Qc2 28.Rxe7+ Kg6 29.Bxb2 Qxb2 30.Ree1 Qd4 31.Ne3 f5 32.a4 f4 33.Nf1 
Be2 34.a5 Ba6 35.Red1 Qb4 36.Rdb1 Qc3 37.Rc1 Qb2 38.Rab1 Qa2 39.Ra1 Qd5 
40.Rd1 Qe5 41.Nd2 Kh6 42.Nf3 Qc5 43.Rd4 Qc3 44.Rxd6+ g6 45.Rdd1 Be2 46.
Rdc1 Qb2 47.Rcb1 Qf6 48.Re1 Ba6 49.Ne5 Kh5 50.Rac1 Qd6 51.Nf7 Qf8 52.Re5+ 
Kh4 53.Rc3 Bc8 54.g3+ Kh3 55.Ng5+ 1-0

[Event "23rd EUR-ch"]
[Site "Vrnjacka Banja SRB"]
[Date "2023.03.08"]
[Round "6.117"]
[White "Micic, Aleksa"]
[Black "Kurmann, Oliver"]
[Result "0-1"]
[WhiteElo "2273"]
[BlackElo "2464"]
[EventDate "2023.03.03"]
[PlyCount "88"]

1.e4 e5 2.Nf3 Nc6 3.Bb5 a6 4.Ba4 Nf6 5.O-O b5 6.Bb3 Bc5 7.d3 h6 8.c3 d6 9.
a4 Rb8 10.axb5 axb5 11.Nbd2 O-O 12.Re1 Ne7 13.Nf1 Ng6 14.Be3 Bxe3 15.Nxe3 
c6 16.Qc2 Re8 17.Rad1 Qb6 18.h3 Bb7 19.Nf5 c5 20.Qc1 d5 21.exd5 Nxd5 22.d4
exd4 23.cxd4 c4 24.Bc2 Ndf4 25.Ne5 Qc7 26.Nxg6 fxg6 27.Ne3 Bxg2 28.Nxg2 
Nxh3+ 29.Kh1 Nxf2+ 30.Kg1 Nh3+ 31.Kh1 Nf2+ 32.Kg1 Nxd1 33.Qxd1 Qb6 34.Qg4 
Rbd8 35.Rxe8+ Rxe8 36.Kh1 g5 37.d5 Qf2 38.Bg6 Rd8 39.Qe6+ Kh8 40.Ne3 Qxb2 
41.Bc2 Qf6 42.Qe4 g6 43.Bd1 h5 44.Bc2 Kg7 0-1

[Event "23rd EUR-ch"]
[Site "Vrnjacka Banja SRB"]
[Date "2023.03.08"]
[Round "6.118"]
[White "Sousa, Andre Ventura"]
[Black "Van Dael, Siem"]
[Result "1-0"]
[WhiteElo "2464"]
[BlackElo "2312"]
[EventDate "2023.03.03"]
[PlyCount "108"]

1.e4 e5 2.Nf3 Nc6 3.Bb5 a6 4.Ba4 Nf6 5.O-O Be7 6.d3 b5 7.Bb3 d6 8.a3 O-O 
9.Nc3 Bg4 10.Be3 Rb8 11.h3 Bxf3 12.Qxf3 Nd4 13.Bxd4 exd4 14.Nd5 Nd7 15.
Rae1 Bg5 16.Qg3 Bh4 17.Qh2 a5 18.g3 Bg5 19.Kh1 c6 20.h4 Bh6 21.Nf4 Ne5 22.
f3 Qf6 23.Nh5 Qg6 24.Nf4 Qf6 25.Ba2 Bxf4 26.gxf4 Ng6 27.f5 Nxh4 28.f4 Rbe8
29.e5 Qh6 30.f6 Nf5 31.Qxh6 gxh6 32.e6 fxe6 33.Rxe6 d5 34.Rg1+ Kf7 35.Rxc6
Rd8 36.Re1 Ne3 37.c3 Rc8 38.Rb6 dxc3 39.bxc3 Rxc3 40.Rxe3 Rc1+ 41.Kg2 Rc2+
42.Kf3 Rxa2 43.f5 Rxa3 44.Re7+ Kg8 45.Rg7+ Kh8 46.Rf7 Kg8 47.Rg7+ Kh8 48.
Rbb7 Rxf6 49.Rxh7+ Kg8 50.Rbg7+ Kf8 51.Kf4 Rc3 52.Rb7 Kg8 53.Ke5 Rcc6 54.
Rbg7+ Kf8 1-0

[Event "23rd EUR-ch"]
[Site "Vrnjacka Banja SRB"]
[Date "2023.03.08"]
[Round "6.119"]
[White "Vogel, Roven"]
[Black "Vagman, Roy"]
[Result "1-0"]
[WhiteElo "2462"]
[BlackElo "2298"]
[EventDate "2023.03.03"]
[PlyCount "81"]

1.Nf3 d5 2.e3 Nf6 3.c4 e6 4.Nc3 c5 5.cxd5 Nxd5 6.Nxd5 Qxd5 7.b3 Be7 8.Bb2 
O-O 9.Qc2 Nc6 10.Bc4 Qd8 11.O-O Nb4 12.Qe4 Bf6 13.Bxf6 Qxf6 14.a3 Nc6 15.
Bb5 Bd7 16.Rac1 Qe7 17.Qh4 Qxh4 18.Nxh4 b6 19.b4 Ne5 20.Ba6 g5 21.f4 Bc8 
22.Bxc8 Raxc8 23.fxe5 gxh4 24.bxc5 Rxc5 25.Rxc5 bxc5 26.Kf2 Rd8 27.Ke2 Rd5
28.Rf4 Rxe5 29.Rg4+ Kf8 30.Rxh4 Rd5 31.Rxh7 c4 32.Rh4 Rc5 33.a4 Ke7 34.Kd1
c3 35.Rb4 Kf6 36.h4 cxd2 37.Kxd2 a5 38.Rf4+ Kg6 39.g4 Rd5+ 40.Ke2 f6 41.
Re4 1-0

[Event "23rd EUR-ch"]
[Site "Vrnjacka Banja SRB"]
[Date "2023.03.08"]
[Round "6.120"]
[White "Ghimpu, Samuel-Timotei"]
[Black "Panic, Nenad"]
[Result "1-0"]
[WhiteElo "2459"]
[BlackElo "2295"]
[EventDate "2023.03.03"]
[PlyCount "61"]

1.e4 c5 2.Nf3 e6 3.d4 cxd4 4.Nxd4 a6 5.Bd3 g6 6.Nc3 Bg7 7.Be3 d6 8.Qd2 Nc6
9.Be2 Nxd4 10.Bxd4 Nf6 11.O-O-O Bd7 12.Bf3 Bc6 13.g4 e5 14.Be3 Bf8 15.h4 
h5 16.Bg5 hxg4 17.Bxg4 Be7 18.f3 Qc7 19.Bh3 Rd8 20.Kb1 Nh5 21.Bg4 Nf6 22.
a3 Nxg4 23.fxg4 Bxg5 24.hxg5 Kd7 25.Rhf1 Kc8 26.Rf6 Qe7 27.Qf2 Rh7 28.Qa7 
Qc7 29.Rdf1 Rd7 30.Rxg6 Qd8 31.Rg8 1-0

[Event "23rd EUR-ch"]
[Site "Vrnjacka Banja SRB"]
[Date "2023.03.08"]
[Round "6.121"]
[White "Dobre, Claudiu-Cristian"]
[Black "Cabarkapa, Novak"]
[Result "1/2-1/2"]
[WhiteElo "2271"]
[BlackElo "2458"]
[EventDate "2023.03.03"]
[PlyCount "120"]

1.c4 e5 2.Nc3 d6 3.d4 exd4 4.Qxd4 Nc6 5.Qd2 Nf6 6.b3 a5 7.Bb2 a4 8.Nd5 Be7
9.g3 a3 10.Bc3 Ne4 11.Qe3 Nxc3 12.Qxc3 O-O 13.Nh3 Re8 14.Nhf4 Bf8 15.Bg2 
Ne5 16.Qd2 g6 17.O-O Bg7 18.Rad1 Bd7 19.h3 Bc6 20.Nd3 Nxd3 21.Qxd3 h5 22.
f4 Bxd5 23.Bxd5 c6 24.Bf3 h4 25.g4 Qb6+ 26.Kh1 Rad8 27.e4 g5 28.fxg5 Re5 
29.Qd2 Qc5 30.Bg2 Rxg5 31.Qe1 Be5 32.Qxh4 f6 33.Qh6 Rd7 34.Rxf6 Bxf6 35.
Qxf6 Qe5 36.Qxe5 Rxe5 37.b4 Rf7 38.Kg1 b5 39.Rxd6 c5 40.cxb5 cxb4 41.Rd4 
b3 42.axb3 Ra7 43.Rd1 Rxb5 44.Bf1 Rb8 45.Bc4+ Kg7 46.Kf2 Kf6 47.Kg3 a2 48.
Ra1 Rd8 49.Bd5 Rc8 50.h4 Rc2 51.g5+ Ke5 52.g6 Rb2 53.b4 Kf6 54.Kf4 Kxg6 
55.b5 Rxb5 56.Rxa2 Rxa2 57.Bxa2 Rb4 58.Bd5 Rxe4+ 59.Bxe4+ Kg7 60.Bh7 Kxh7 
1/2-1/2

[Event "23rd EUR-ch"]
[Site "Vrnjacka Banja SRB"]
[Date "2023.03.08"]
[Round "6.122"]
[White "Parligras, Cosmin"]
[Black "Grieve, Harry"]
[Result "1/2-1/2"]
[WhiteElo "2260"]
[BlackElo "2455"]
[EventDate "2023.03.03"]
[PlyCount "75"]

1.e4 c5 2.c3 Nf6 3.e5 Nd5 4.d4 cxd4 5.cxd4 d6 6.Nf3 e6 7.Bc4 Be7 8.O-O O-O
9.Re1 Nc6 10.Qe2 Qb6 11.exd6 Bxd6 12.Nc3 Nxd4 13.Nxd4 Qxd4 14.Nb5 Qb6 15.
Bxd5 exd5 16.Be3 Qa6 17.Nxd6 Qxd6 18.Bd4 Be6 19.Qe5 Qxe5 20.Bxe5 Rfc8 21.
Rac1 b6 22.Rxc8+ Rxc8 23.a3 Rc4 24.Rd1 f6 25.Bc3 Kf7 26.f3 g5 27.Kf2 Kg6 
28.Rd4 Rc7 29.Rd2 h5 30.h3 Rc4 31.Rd4 Rc6 32.Rd3 f5 33.Rd4 Rc8 34.f4 Rc4 
35.fxg5 Rxd4 36.Bxd4 Kxg5 37.Be3+ f4 38.Bd2 1/2-1/2

[Event "23rd EUR-ch"]
[Site "Vrnjacka Banja SRB"]
[Date "2023.03.08"]
[Round "6.123"]
[White "Loiseau, Quentin"]
[Black "Rahmanidis, Petros"]
[Result "1-0"]
[WhiteElo "2449"]
[BlackElo "2278"]
[EventDate "2023.03.03"]
[PlyCount "69"]

1.Nf3 d5 2.d4 e6 3.c4 a6 4.cxd5 exd5 5.Nc3 h6 6.Ne5 Nf6 7.e4 Nxe4 8.Nxe4 
dxe4 9.Bc4 Bb4+ 10.Kf1 O-O 11.Qb3 Qxd4 12.Bxf7+ Kh7 13.Bf4 g5 14.Rd1 Qb6 
15.Be3 Qb5+ 16.Bc4 Be6 17.h4 g4 18.a4 Qxe5 19.Bxe6 Bc5 20.Bxg4 Bxe3 21.
Qxe3 a5 22.Rd4 Nc6 23.Rd7+ Ne7 24.Qc3 Qxc3 25.bxc3 Rf7 26.Rxc7 Raf8 27.Be6
Rxf2+ 28.Ke1 Rb2 29.Rxe7+ Kg6 30.Bg4 Rff2 31.Re6+ Kg7 32.Rxe4 Rxg2 33.Rf1 
Rb1+ 34.Bd1 Rc1 35.Re7+ 1-0

[Event "23rd EUR-ch"]
[Site "Vrnjacka Banja SRB"]
[Date "2023.03.08"]
[Round "6.124"]
[White "Godena, Michele"]
[Black "Martic, Ivan"]
[Result "0-1"]
[WhiteElo "2446"]
[BlackElo "2274"]
[EventDate "2023.03.03"]
[PlyCount "96"]

1.e4 e5 2.Nf3 Nc6 3.Bc4 Nf6 4.d3 Be7 5.O-O O-O 6.Re1 d6 7.a3 Bg4 8.h3 Bxf3
9.Qxf3 Nd4 10.Qd1 Ne6 11.Nd2 c6 12.Ba2 Qc7 13.Nf3 Rad8 14.c3 Rfe8 15.Qc2 
Bf8 16.Bd2 h6 17.Rad1 g6 18.Bc1 Bg7 19.d4 exd4 20.cxd4 d5 21.e5 Ne4 22.Be3
Qe7 23.Nd2 Nxd2 24.Qxd2 Qh4 25.f4 f5 26.Kh2 Rf8 27.Bb1 Kh8 28.Rg1 h5 29.g3
Qe7 30.b4 b6 31.Rc1 Rc8 32.Rg2 c5 33.bxc5 bxc5 34.dxc5 d4 35.Bg1 Nxc5 36.
Qb4 a5 37.Qb6 Kh7 38.Bxd4 Na4 39.Rxc8 Nxb6 40.Rxf8 Bxf8 41.Bxb6 Qb7 42.
Bxf5 Qxb6 43.Bc2 Bxa3 44.f5 gxf5 45.Bxf5+ Kg7 46.Rc2 Be7 47.Bd7 Qb3 48.Rf2
Qe3 0-1

[Event "23rd EUR-ch"]
[Site "Vrnjacka Banja SRB"]
[Date "2023.03.08"]
[Round "6.125"]
[White "Selbes, Tarik"]
[Black "Spyropoulos, Nikolaos"]
[Result "0-1"]
[WhiteElo "2255"]
[BlackElo "2442"]
[EventDate "2023.03.03"]
[PlyCount "35"]

1.Nf3 Nf6 2.c4 e6 3.d4 Bb4+ 4.Nbd2 b6 5.g3 Bb7 6.Bg2 O-O 7.O-O Bxd2 8.Qxd2
d6 9.b3 a5 10.Qc2 Nbd7 11.Re1 Be4 12.Qc3 h6 13.Bb2 Qe7 14.Rad1 a4 15.d5 
axb3 16.dxe6 fxe6 17.axb3 e5 18.Ra1 0-1

[Event "23rd EUR-ch"]
[Site "Vrnjacka Banja SRB"]
[Date "2023.03.08"]
[Round "6.127"]
[White "Todorovic, Bojan"]
[Black "Alonso Garcia, Aaron"]
[Result "0-1"]
[WhiteElo "2249"]
[BlackElo "2437"]
[EventDate "2023.03.03"]
[PlyCount "60"]

1.d4 Nf6 2.c4 e6 3.Nf3 b6 4.Nc3 Bb4 5.Bd2 Bb7 6.e3 Bxc3 7.Bxc3 Ne4 8.Qc2 
d6 9.Bd3 Nxc3 10.Qxc3 Nd7 11.O-O-O Qe7 12.Kb1 O-O 13.Qc2 Nf6 14.Ng5 h6 15.
Ne4 Rfd8 16.Nxf6+ Qxf6 17.Be4 Bxe4 18.Qxe4 Qxf2 19.Rhf1 Qe2 20.g4 Qxc4 21.
Rc1 Qb5 22.Rf3 d5 23.Qc2 c5 24.h4 Rac8 25.a3 Qd7 26.Qf2 cxd4 27.Rxc8 Rxc8 
28.exd4 e5 29.dxe5 Qxg4 30.Rf5 Qg6 0-1

[Event "23rd EUR-ch"]
[Site "Vrnjacka Banja SRB"]
[Date "2023.03.08"]
[Round "6.128"]
[White "Levin, Guy"]
[Black "Zverev, Lev"]
[Result "1/2-1/2"]
[WhiteElo "2419"]
[BlackElo "2267"]
[EventDate "2023.03.03"]
[PlyCount "90"]

1.e4 e5 2.Nf3 Nc6 3.Bb5 a6 4.Bxc6 dxc6 5.O-O Bg4 6.h3 h5 7.d3 Qf6 8.Be3 
Bxf3 9.Qxf3 Qxf3 10.gxf3 Bd6 11.Nd2 Ne7 12.Rfb1 Kd7 13.Kf1 f6 14.b4 b6 15.
Nc4 Rhb8 16.Ke2 c5 17.bxc5 Bxc5 18.Bxc5 bxc5 19.Rg1 g5 20.h4 gxh4 21.f4 
exf4 22.Kf3 Rg8 23.Kxf4 Nc6 24.c3 Ke6 25.Rxg8 Rxg8 26.Rh1 Ne5 27.Nxe5 
fxe5+ 28.Ke3 Rg4 29.f3 Rg2 30.Rxh4 Rxa2 31.Rxh5 Ra3 32.c4 a5 33.f4 exf4+ 
34.Kxf4 Rxd3 35.Rxc5 a4 36.Rxc7 a3 37.Ra7 Rc3 38.Ra5 Ke7 39.Kf5 Rxc4 40.
Ra7+ Ke8 41.Rxa3 Rc6 42.Ra7 Rb6 43.e5 Rc6 44.Rb7 Ra6 45.e6 Ra1 1/2-1/2

[Event "23rd EUR-ch"]
[Site "Vrnjacka Banja SRB"]
[Date "2023.03.08"]
[Round "6.129"]
[White "Milikow, Yoav"]
[Black "Taspinar, Yanki"]
[Result "1-0"]
[WhiteElo "2416"]
[BlackElo "2262"]
[EventDate "2023.03.03"]
[PlyCount "62"]

1.d4 d5 2.c4 e6 3.Nc3 c6 4.e4 dxe4 5.Nxe4 Bb4+ 6.Bd2 Qxd4 7.Bxb4 Qxe4+ 8.
Be2 Na6 9.Bd6 Qxg2 10.Qd2 e5 11.Bf3 Qg6 12.Bxe5 Bf5 13.O-O-O Nc5 14.Qe3 
Bb1 15.Rd2 Bxa2 16.Bd6+ Ne6 17.Be4 Qh6 18.f4 Nf6 19.Nf3 O-O-O 20.Re1 Nxe4 
21.Qxe4 Rhe8 22.b4 f5 23.Qe3 Bxc4 24.Qxa7 Rxd6 25.Qa8+ Kc7 26.Qxe8 Rxd2 
27.Nxd2 Bd5 28.Qe7+ Kb6 29.Re5 Qg6 30.Kc2 Nd4+ 31.Kb2 Ne6 1-0

[Event "23rd EUR-ch"]
[Site "Vrnjacka Banja SRB"]
[Date "2023.03.08"]
[Round "6.130"]
[White "Tudor, Henry Edward"]
[Black "Kalezic, Blazo"]
[Result "0-1"]
[WhiteElo "2201"]
[BlackElo "2415"]
[EventDate "2023.03.03"]
[PlyCount "100"]

1.d4 d5 2.c4 dxc4 3.e3 Nf6 4.Bxc4 e6 5.Nf3 a6 6.O-O c5 7.Nbd2 cxd4 8.exd4 
Be7 9.Qe2 Nc6 10.Rd1 b5 11.Bd3 Nb4 12.Bb1 Bb7 13.a3 Nbd5 14.Ne4 Nxe4 15.
Bxe4 O-O 16.Ne5 Rc8 17.Bd2 Bd6 18.a4 bxa4 19.Rxa4 Qh4 20.f3 f6 21.g3 Qh5 
22.Nc4 Bb8 23.Na5 Ba8 24.Rf1 Rce8 25.Qxa6 f5 26.Bb1 Qg6 27.Qe2 e5 28.dxe5 
Rxe5 29.Qg2 Qe8 30.Rh4 Re2 31.Qh3 Rxd2 32.Rxh7 Qe3+ 33.Kh1 Nf6 34.Ba2+ Bd5
35.Bxd5+ Rxd5 36.Rh8+ Kf7 37.Rxf8+ Kxf8 38.Qh8+ Ng8 39.Qh4 Rd1 40.Kg2 Qd2+
41.Rf2 Qxa5 42.Qc4 Ne7 43.Qb3 Qd8 44.Qb4 Be5 45.Re2 Qd3 46.Re1 Rd2+ 47.Kh3
Rxb2 48.Qa4 Qxf3 49.Rxe5 Qg2+ 50.Kh4 Qxh2+ 0-1

[Event "23rd EUR-ch"]
[Site "Vrnjacka Banja SRB"]
[Date "2023.03.08"]
[Round "6.131"]
[White "Kilic, Eray"]
[Black "Gallana, Marco"]
[Result "1-0"]
[WhiteElo "2415"]
[BlackElo "2250"]
[EventDate "2023.03.03"]
[PlyCount "63"]

1.Nf3 d5 2.g3 c5 3.Bg2 Nc6 4.d4 e6 5.O-O cxd4 6.Nxd4 Bc5 7.Nb3 Bb6 8.c4 
Nge7 9.cxd5 exd5 10.Nc3 O-O 11.Na4 d4 12.Bd2 Re8 13.Nbc5 Bc7 14.b4 Rb8 15.
Rc1 Bg4 16.h3 Bh5 17.g4 Bg6 18.b5 Qd6 19.f4 Nd8 20.Qb3 d3 21.e4 h5 22.e5 
Qd4+ 23.Kh1 Ne6 24.Nxe6 fxe6 25.Rxc7 hxg4 26.Rc4 Qd8 27.hxg4 Nd5 28.f5 
Qh4+ 29.Kg1 Bf7 30.Qxd3 Rbd8 31.Rd4 Nc7 32.f6 1-0

[Event "23rd EUR-ch"]
[Site "Vrnjacka Banja SRB"]
[Date "2023.03.08"]
[Round "6.132"]
[White "Ozdemir, Serhan Berat"]
[Black "Tekeev, Zaur"]
[Result "0-1"]
[WhiteElo "2200"]
[BlackElo "2415"]
[EventDate "2023.03.03"]
[PlyCount "58"]

1.e4 c5 2.Nf3 e6 3.d4 cxd4 4.Nxd4 Nf6 5.Nc3 Nc6 6.Ndb5 d6 7.Bf4 e5 8.Bg5 
a6 9.Na3 Be6 10.Nc4 Rb8 11.Ne3 Be7 12.Bxf6 Bxf6 13.g3 Bg5 14.Ned5 Rc8 15.
h4 Bh6 16.Bh3 O-O 17.Kf1 Nd4 18.Kg2 Rc5 19.Nb4 Rc4 20.Nd3 b5 21.a3 a5 22.
Rf1 b4 23.axb4 axb4 24.Bxe6 fxe6 25.Ra4 Qb6 26.Qg4 Qb7 27.Ne2 Nxe2 28.Qxe2
Rxe4 29.Ra7 Qd5 0-1

[Event "23rd EUR-ch"]
[Site "Vrnjacka Banja SRB"]
[Date "2023.03.08"]
[Round "6.133"]
[White "Neverov, Valeriy"]
[Black "Aleksic, Milan"]
[Result "1-0"]
[WhiteElo "2414"]
[BlackElo "2202"]
[EventDate "2023.03.03"]
[PlyCount "63"]

1.c4 g6 2.d4 Nf6 3.Nc3 Bg7 4.e4 d6 5.f3 O-O 6.Nge2 c5 7.d5 Nbd7 8.Ng3 h5 
9.Be2 a6 10.O-O Nh7 11.Be3 Ne5 12.h3 h4 13.Nh1 g5 14.Nf2 e6 15.Ng4 f5 16.
Nxe5 Bxe5 17.exf5 exf5 18.f4 gxf4 19.Bxf4 Bd7 20.Qd2 Kh8 21.Bd3 b6 22.Kh1 
Qf6 23.Rf3 Rae8 24.Raf1 Qg6 25.Qf2 Rg8 26.Bxe5+ Rxe5 27.Nd1 b5 28.b3 bxc4 
29.bxc4 Qg5 30.Ne3 f4 31.Rxf4 Rxe3 32.Bxh7 1-0

[Event "23rd EUR-ch"]
[Site "Vrnjacka Banja SRB"]
[Date "2023.03.08"]
[Round "6.134"]
[White "Levitan, Ronit"]
[Black "Gaehwiler, Gabriel"]
[Result "1/2-1/2"]
[WhiteElo "2185"]
[BlackElo "2413"]
[EventDate "2023.03.03"]
[PlyCount "72"]

1.e4 c5 2.c3 d5 3.exd5 Nf6 4.Bb5+ Nbd7 5.d4 a6 6.Be2 Nxd5 7.Nf3 e6 8.c4 
N5f6 9.O-O Qc7 10.Nc3 b6 11.Re1 Bd6 12.d5 O-O 13.dxe6 fxe6 14.Bd3 Bb7 15.
Ne4 Bxe4 16.Bxe4 Rad8 17.Qe2 Ne5 18.Nxe5 Bxe5 19.g3 Bd4 20.Bf3 e5 21.Be3 
e4 22.Bg2 Qe5 23.Bxd4 Rxd4 24.Rad1 Rfd8 25.Rxd4 Rxd4 26.b3 Qd6 27.Qe3 Rd3 
28.Qg5 Rd1 29.Rxd1 Qxd1+ 30.Bf1 Qd4 31.Qf5 Kf7 32.Bh3 Qd6 33.Bg2 Qd1+ 34.
Bf1 Qd4 35.Bh3 Qa1+ 36.Kg2 Qd4 1/2-1/2

[Event "23rd EUR-ch"]
[Site "Vrnjacka Banja SRB"]
[Date "2023.03.08"]
[Round "6.135"]
[White "Ben Ari, Yannay"]
[Black "Petrekanovic, Miroslav"]
[Result "1-0"]
[WhiteElo "2411"]
[BlackElo "2179"]
[EventDate "2023.03.03"]
[PlyCount "87"]

1.d4 f5 2.c4 Nf6 3.Nc3 e6 4.Nf3 d5 5.Bf4 c6 6.e3 Be7 7.Bd3 O-O 8.h3 Ne4 9.
Qc2 Na6 10.a3 Qa5 11.O-O Nxc3 12.bxc3 c5 13.Ne5 Nc7 14.g4 Bf6 15.Kh2 b5 
16.cxb5 c4 17.Be2 Nxb5 18.Rfc1 g5 19.Bg3 f4 20.exf4 gxf4 21.Bxf4 Bxe5 22.
Bxe5 Qxc3 23.Qxc3 Nxc3 24.Bxc4 dxc4 25.Rxc3 Bb7 26.f4 Rac8 27.Rb1 Be4 28.
Rb4 Bd5 29.Kg3 Rf7 30.Kh4 Rd7 31.Kg5 a5 32.Rb6 Rb7 33.Rxb7 Bxb7 34.Kf6 Bd5
35.Bd6 Rd8 36.Bc7 Ra8 37.f5 Ra7 38.Bd6 Rb7 39.fxe6 Rb3 40.e7 Bf7 41.Rxc4 
Rf3+ 42.Kg5 Be8 43.Rc5 Bd7 44.Rc8+ 1-0

[Event "23rd EUR-ch"]
[Site "Vrnjacka Banja SRB"]
[Date "2023.03.08"]
[Round "6.136"]
[White "Onslow, Alfie"]
[Black "Czerw, Dawid"]
[Result "0-1"]
[WhiteElo "2174"]
[BlackElo "2404"]
[EventDate "2023.03.03"]
[PlyCount "98"]

1.e4 c5 2.Nf3 Nc6 3.d4 cxd4 4.Nxd4 Nf6 5.Nc3 e5 6.Ndb5 d6 7.Bg5 a6 8.Na3 
b5 9.Nd5 Be7 10.Bxf6 Bxf6 11.c4 b4 12.Nc2 a5 13.Qf3 Bg5 14.h4 Be7 15.Rd1 
O-O 16.c5 dxc5 17.Nf6+ Bxf6 18.Rxd8 Rxd8 19.Bc4 Be6 20.Bxe6 fxe6 21.Qb3 
Kf7 22.Rh3 Nd4 23.Qc4 Nxc2+ 24.Qxc2 Rd4 25.g4 c4 26.g5 Be7 27.Kf1 a4 28.
Qe2 Rad8 29.Qh5+ Kg8 30.Rf3 g6 31.Qg4 R8d6 32.h5 a3 33.hxg6 hxg6 34.bxa3 
c3 35.axb4 c2 36.Rc3 Rd1+ 37.Kg2 c1=Q 38.Rxc1 Rxc1 39.Qg3 Rc2 40.Qb3 Rdd2 
41.Qxe6+ Kf8 42.Qxe5 Rxf2+ 43.Kh3 Rh2+ 44.Kg4 Rhg2+ 45.Kh3 Rxg5 46.Qh8+ 
Kf7 47.Qh7+ Ke6 48.Qg8+ Kd7 49.Qa8 Rc3+ 0-1

[Event "23rd EUR-ch"]
[Site "Vrnjacka Banja SRB"]
[Date "2023.03.08"]
[Round "6.137"]
[White "Kostov, Deyan Samuil"]
[Black "Pastar, Slaven"]
[Result "0-1"]
[WhiteElo "2120"]
[BlackElo "2401"]
[EventDate "2023.03.03"]
[PlyCount "86"]

1.d4 e6 2.c4 Nf6 3.Nc3 Bb4 4.e3 b6 5.Ne2 Ba6 6.a3 Bxc3+ 7.Nxc3 d5 8.cxd5 
Bxf1 9.Kxf1 exd5 10.f3 O-O 11.Kf2 Qd6 12.g3 Re8 13.Qd3 c6 14.Bd2 Nbd7 15.
Rad1 Nf8 16.Bc1 Rad8 17.Kg2 Ne6 18.Rhe1 a5 19.a4 h6 20.Ne2 Re7 21.Qc2 Qd7 
22.b3 Ng5 23.Ng1 Qd6 24.Qa2 Re6 25.Ba3 Qb8 26.Qf2 b5 27.Rb1 b4 28.Bb2 Rde8
29.h4 Ngh7 30.Nh3 g5 31.hxg5 hxg5 32.g4 Nd7 33.Qd2 Ndf8 34.e4 dxe4 35.fxe4
Rxe4 36.Rxe4 Rxe4 37.Kf3 Qe8 38.Qd3 Re6 39.d5 cxd5 40.Qd4 Rf6+ 41.Kg3 Ng6 
42.Rf1 Qb8+ 43.Kg2 Nh4+ 0-1

[Event "23rd EUR-ch"]
[Site "Vrnjacka Banja SRB"]
[Date "2023.03.08"]
[Round "6.138"]
[White "Salimova, Nurgyul"]
[Black "Sahin, Ozgun"]
[Result "1/2-1/2"]
[WhiteElo "2392"]
[BlackElo "2177"]
[EventDate "2023.03.03"]
[PlyCount "166"]

1.d4 d6 2.Nf3 f5 3.Nc3 Nf6 4.Qd3 d5 5.Bf4 c6 6.e3 e6 7.Be2 Be7 8.h3 O-O 9.
Ne5 Nbd7 10.O-O c5 11.dxc5 Nxc5 12.Qd4 Qb6 13.a4 Nce4 14.Qxb6 axb6 15.Nb5 
g5 16.Bh2 Ne8 17.c4 Bc5 18.cxd5 exd5 19.Nd3 Bd7 20.Nxc5 Nxc5 21.Nc3 Bc6 
22.Rfd1 Nf6 23.Be5 Kf7 24.Bxf6 Kxf6 25.Nxd5+ Bxd5 26.Rxd5 Rxa4 27.Rxa4 
Nxa4 28.Rb5 Ke7 29.Bd1 Nc5 30.Rxb6 Rf6 31.Rb5 b6 32.Bc2 h6 33.g3 Kd7 34.
Rb4 Kc6 35.h4 b5 36.Kf1 Ne6 37.hxg5 hxg5 38.Bd3 Nc7 39.Rd4 Ne6 40.Rb4 Nc7 
41.Rb3 Kc5 42.Rc3+ Kb6 43.Ke2 Rf8 44.Rc1 f4 45.Be4 Rf6 46.exf4 gxf4 47.
gxf4 Rxf4 48.Ke3 Rf6 49.f4 Na6 50.f5 Nc5 51.b4 Nd7 52.Kd4 Rd6+ 53.Bd5 Nf6 
54.Ke5 Rxd5+ 55.Kxf6 Rd4 56.Ke5 Rxb4 57.f6 Rb2 58.Rf1 Re2+ 59.Kd5 Rd2+ 60.
Ke6 Re2+ 61.Kd7 Rd2+ 62.Kc8 Rc2+ 63.Kb8 Rd2 64.Kc8 Rc2+ 65.Kd8 Rd2+ 66.Ke8
Re2+ 67.Kd7 Rd2+ 68.Ke6 Re2+ 69.Kf5 Re8 70.f7 Rf8 71.Ke6 Kc5 72.Ke7 Rxf7+ 
73.Kxf7 b4 74.Ke6 b3 75.Ke5 Kc4 76.Ke4 Kc3 77.Rf3+ Kc2 78.Rf2+ Kc3 79.Rf3+
Kc2 80.Kd4 b2 81.Rf2+ Kb3 82.Rf1 Kc2 83.Rf2+ Kb3 1/2-1/2

[Event "23rd EUR-ch"]
[Site "Vrnjacka Banja SRB"]
[Date "2023.03.08"]
[Round "6.139"]
[White "Maksimovic, Branimir"]
[Black "Arsovic, Zoran"]
[Result "1/2-1/2"]
[WhiteElo "2128"]
[BlackElo "2390"]
[EventDate "2023.03.03"]
[PlyCount "55"]

1.e4 c5 2.Nf3 d6 3.d4 cxd4 4.Nxd4 Nf6 5.Nc3 Nc6 6.Bg5 e6 7.Qd2 Qb6 8.O-O-O
a6 9.f3 Qxd4 10.Qxd4 Nxd4 11.Rxd4 Rb8 12.a4 h6 13.Be3 Be7 14.Rd1 g5 15.Bb6
Bd7 16.Bc7 Rc8 17.Bxd6 Bxd6 18.Rxd6 Ke7 19.Rd2 Rc5 20.Bd3 Bc6 21.Re1 Nd7 
22.Bf1 Nb6 23.Rd4 Rc8 24.Rb4 Nd7 25.Rd1 g4 26.Rd2 gxf3 27.gxf3 Rg8 28.Rc4 
1/2-1/2

[Event "23rd EUR-ch"]
[Site "Vrnjacka Banja SRB"]
[Date "2023.03.08"]
[Round "6.140"]
[White "Antic, Dejan"]
[Black "Sherman, Reem"]
[Result "1-0"]
[WhiteElo "2388"]
[BlackElo "2126"]
[EventDate "2023.03.03"]
[PlyCount "129"]

1.Nf3 Nf6 2.c4 g6 3.g3 Bg7 4.Bg2 O-O 5.O-O d6 6.Nc3 c5 7.a3 Nc6 8.Rb1 a5 
9.d3 Bg4 10.h3 Bxf3 11.Bxf3 Qd7 12.Bg2 Rab8 13.Bd2 Ne8 14.Qa4 Nc7 15.Nd5 
b5 16.cxb5 Nxb5 17.Nc3 Nba7 18.Rfc1 Rfd8 19.e3 Ne5 20.Qc2 Rdc8 21.f4 Nec6 
22.Qd1 e6 23.Kh2 Ne7 24.g4 d5 25.Na4 Qb5 26.Bf1 d4 27.e4 Rc6 28.b3 g5 29.
fxg5 Ng6 30.Kh1 Be5 31.Qf3 Rf8 32.Nb2 f6 33.gxf6 Rxf6 34.Qd1 Rc8 35.Nc4 
Rcf8 36.Bg2 Qb8 37.g5 Rf2 38.Qg4 Bf4 39.Be1 Bxc1 40.Bxf2 Rxf2 41.Rxc1 Kg7 
42.Kg1 Qf8 43.Rf1 Rxf1+ 44.Bxf1 Qf7 45.Nxa5 Ne5 46.Qg3 Ng6 47.h4 Nb5 48.
Nc4 Nc3 49.h5 Nf4 50.h6+ Kg8 51.Qg4 Ng6 52.a4 Kf8 53.Nd6 Qd7 54.Qf3+ Ke7 
55.Nc4 Qc7 56.Qf6+ Kd7 57.Qf7+ Ne7 58.e5 Nd1 59.Nd6 Qb8 60.Bh3 Qb4 61.
Qxe6+ Kc6 62.Bg2+ Kb6 63.Nc4+ Ka7 64.Qxe7+ Kb8 65.Qd8+ 1-0

[Event "23rd EUR-ch"]
[Site "Vrnjacka Banja SRB"]
[Date "2023.03.08"]
[Round "6.141"]
[White "Farkas, Sandor"]
[Black "Malcewska, Aleksandra"]
[Result "0-1"]
[WhiteElo "2064"]
[BlackElo "2388"]
[EventDate "2023.03.03"]
[PlyCount "74"]

1.d4 d5 2.Nf3 c5 3.c3 Nc6 4.Bf4 Nf6 5.e3 g6 6.Bb5 Bg7 7.Ne5 Bd7 8.Nxd7 
Nxd7 9.Nd2 O-O 10.O-O a6 11.Bxc6 bxc6 12.Nf3 a5 13.b3 a4 14.Rc1 axb3 15.
axb3 Qb6 16.b4 cxb4 17.cxb4 Ra6 18.Rb1 Qb5 19.Qc2 Rc8 20.Rfc1 Ra4 21.Qc3 
Nb6 22.Qc5 Bf8 23.Qxb5 cxb5 24.Rxc8 Nxc8 25.g4 Nb6 26.Ne5 e6 27.Nd3 Nc4 
28.Nc5 Ra2 29.Nd7 Be7 30.Bg3 f6 31.h4 Kf7 32.Kg2 Nxe3+ 33.Kh3 Nc2 34.g5 
fxg5 35.Ne5+ Kg7 36.Rb3 gxh4 37.Rf3 hxg3 0-1